000 01124cab a2200349 4500
001 ABS56957
008 090401t1997 xxu||||| |||| 00| 0 eng d
035 _a(Sirsi) u78614
041 _aeng
245 _aProperty Week supplement: Industrial
260 _c1997
350 _a0
490 _aProperty Week
_vMay 1997, Supplement, 1-43(43) (LOAN)
520 _aA supplement covering existing green belt policy, warnings for buyers of brownfield sites, availability of industrial space, industrial opportunities, manufacturing output, the automative industry, and assistance for companies in blighted areas.
650 _aASSISTED PLACES
650 _aAUTOMOTIVE INDUSTRY
650 _aBROWNFIELD SITES
650 _aBUSINESSES
650 _aCONTAMINATED LAND
650 _aENGLISH PARTNERSHIPS
650 _aGREEN BELTS
650 _aINDUSTRIAL SPACE
650 _aINDUSTRIAL
650 _aMANUFACTURERS
650 _aMANUFACTURING OUTPUT
650 _aPLANNING
650 _aSCOTLAND
650 _aSTATISTICS
690 _aPROPERTY-COMMERCIAL PROPERTY
942 _n0
948 _c28/05/1997
999 _c49438
_d49438